| 000 | 01092nam a22002657a 4500 | ||
|---|---|---|---|
| 999 |
_c1990 _d1990 |
||
| 003 | AR-CdUCM | ||
| 008 | 190228b ||||| |||| 00| 0 sp d | ||
| 020 | _a978-612-00-0920-8 | ||
| 040 |
_aMUNICIPALIDAD PROVINCIAL DEL CUSCO _cBIBLIOTECA MUNICIPAL DEL CUSCO |
||
| 082 |
_a985.61 / _bH56 |
||
| 100 |
_aHinojosa Gálvez, Alfredo _97253 |
||
| 245 |
_aLa Pintura Cusqueña en la Ideología Andina / _cHinojosa Gálvez, Alfredo |
||
| 260 |
_aLima : _bSuper Grafica, _c2012. |
||
| 300 |
_a376 paginas ; _bilustraciones, fotos, _c23cm. |
||
| 500 | _aPintura Cusqueña | ||
| 505 | _aContenido: Historiografía andina -- Evolución del arte en los andes -- El arte Inca -- Religión Inca -- La invasión española -- Fundación española de la ciudad del Cusco -- La evangelización ... | ||
| 650 |
_aPintura Cusqueña _97254 |
||
| 650 |
_aLiteratura _983 |
||
| 650 |
_aPerú _935 |
||
| 700 |
_aHinojosa Gálvez, Alfredo _97253 |
||
| 700 |
_aAlvardo Lobaton, María Elena _97255 |
||
| 700 |
_aHinojosa Escalante, Xiomara del Rosario _97256 |
||
| 942 |
_2ddc _cLIBROS |
||
| 945 |
_apjha _d2019-02-28 |
||